000 01074nam0a2200313 i 4500
001 RU\NLR\BIBL_A\011540903
005 20240921211807.0
010 _a9785227077066
_9100000
021 _aRU
_b2017-83323
_95947
035 _a(RuMoRGB)009447966
035 _a(NLR Aleph) 011540903
090 _a12194516
_c12194516
100 _a20171128d2017 u y0rusy50 ca
101 1 _arus
_ceng
102 _aRU
105 _ay|||z|||000ay
200 1 _aКак приручить гения
_e[роман]
_fCьюзен Мейер
_g[пер. с англ. Д. С. Князевой]
_gАрлекин
210 _aМосква
_cЦентрполиграф
_d2017
215 _a158, [1] с.
_d16
225 1 _aЛюбовный роман
_v0754
333 _a16+
686 _aШ5(7США)62-644
_2rubbk
686 1 _aШ6(7США)67-440.4{Лх1979-50}
700 1 _7ca
_8rus
_aМейер
_bС.
_f1956-
_gСьюзен
_9205005
_3RU\NLR\AUTH\770205057
942 _cBOOK
980 _aNBR